Zmeny a doplnky IFRS: Hanibal ante portas?

Novely IFRS, ktoré majú byť schválené do roku 2009. Snaha vysvetliť čo je obsahom balíka zmien, ktoré by mali byť schválené do roku 2009. Schválené novely IFRS, ktoré nadobúdajú účinnosť v roku 2009. Schválené novely IFRS, ktoré nadobúdajú účinnosť v období roka 2008. Novely IFRS, ktoré v Európskej...

Descrizione completa

Salvato in:
Dettagli Bibliografici
Autore principale: Tumpach, Miloš, 1970-
Natura: Capitolo di libro
Lingua:slovacco
Soggetti:
Tags: Aggiungi Tag
Nessun Tag, puoi essere il primo ad aggiungerne!!

MARC

LEADER 00000naa$a2200000$$$4500
001 0064104
005 20240502071741.4
041 0 |a slo 
044 |a SK 
245 1 0 |a Zmeny a doplnky IFRS: Hanibal ante portas?  |c Miloš Tumpach 
520 |a Novely IFRS, ktoré majú byť schválené do roku 2009. Snaha vysvetliť čo je obsahom balíka zmien, ktoré by mali byť schválené do roku 2009. Schválené novely IFRS, ktoré nadobúdajú účinnosť v roku 2009. Schválené novely IFRS, ktoré nadobúdajú účinnosť v období roka 2008. Novely IFRS, ktoré v Európskej únii nadobudnú účinnosť v roku 2007 a 2008. 
610 2 0 |a IFRS 
610 2 0 |a novelizácia 
610 2 0 |a Európska únia 
610 2 0 |a 2007-2009 
100 1 |a Tumpach, Miloš, 1970-